00579nam a2200145Ia 4500008004100000100001500041245009100056245001500147260000900162300001000171650001300181856014700194999001900341952007300360170221s9999 xx 000 0 und d aKashif Beg aDeterminants of Financial Self Sufficiency of Andhra Pradesh Microfinance Institutions cKashif Beg c2014 a3 : 6 xBusiness uhttp://www.omicsgroup.org/journals/determinants-of-financial-self-sufficiency-of-andhra-pradeshmicrofinance-institutions-2167-0234-1000209.pdf c313240d313240 001040aCLbCLd2017-02-21l0r2017-02-21 00:00:00w2017-02-21yFOJ